Brooklyn Nine-Nine Quizz #1 - Statistiques

Statistiques générales
  • Ce quiz a été pris 832 fois
    814 depuis la dernière actualisation
  • Le résultat moyen est 16 sur 28
Statistiques - réponses
Questions Réponses % Correct
A qui était fiancé Adrian Pimento ? Rosa
96%
Combien d'enfants a Terry à la fin de la série ? 3
95%
Combien de frères a Amy ? 7
93%
Complétez cette réplique iconique : "C'est le titre de ta ---- ?" Sextape
87%
Quel métier fait le père de Jake ? Pilote
86%
Quel "Numéro" a tué son frère ? (durant la séance d'identification iconique) 5
85%
Qui a hérité de la Pâte Matriarcale, léguée par Mamie Boyle ? Gina
85%
En plus de Scully, quel personnage principal n'a jamais remportéun casse d'Halloween ? Charles
83%
A qui Rosa a-t-elle avoué sa bisexualité en premier ? Charles
83%
De quoi raffole Terry ? Yaourt
79%
Comment s'appelait le petit ami "ennuyeux" d'Amy ? Teddy
73%
Comment s'appelle le fils adoptif de Charles ? Nikolaj
69%
Et de quel Pays est il originaire ? Lettonie
63%
Quel est le deuxième prénom de Holt ? Jacob
61%
Comment se nomme le cheval décoré le même jour que Charles ? Beurre de Cacahuète
58%
Comment s'appelle le sosie de Charles ? Bill
55%
Complétez cette réplique de Rosa : "On est pas une vraie femme si on a pas une ----." Hache
55%
Comment s'appelle la pire ennemie de Holt ? Madeline Wuntch
43%
Quel est le nom de la mère de Jake ? Karen
42%
Comment s'appelle le mari de Holt ? Kevin Cozner
36%
Comment s'appelle la fille de Gina ? Enigma
30%
Comment se nomme le bar où les personnages principaux se retrouvent à chaque fêtes ? Le Shaw's
29%
Dans le première épisode de la saison 5, de quelle ville vient la demie-soeurde Jake ? Dallas
27%
Au début de la série, Charles vit dans le sous-sol de son ex-femme, comment s'appelle-t-elle ? Eleanor
27%
Quel est le vrai nom du Vautour ? Keith Pembrock
26%
Comment s'appelait l'avocate de la défense avec qui Jake sortait avant Amy ? Sophia Perez
24%
Comment se nomme le fast-food où Hitchcock et Scully vont plusieurs fois par semaine ? Le Wingsluts
16%
En plus de Thanksgiving, que fête Terry à cette date ? L'anniversaire d'Ava
14%
Aucun quiz correspondant
Distribution des résultats
% des personnes avec chaque résultat
Percentile par nombre de réponses
Votre historique - résultats
Vous n’avez pas pris ce quiz depuis la dernière actualisation